Радиационный контроль сосудов высокого давления с помощью малогабаритного бетатрона; Известия Томского политехнического института [Известия ТПИ]; Т. 280 : Неразрушающие методы контроля
| Parent link: | Известия Томского политехнического института [Известия ТПИ]/ Томский политехнический институт (ТПИ).— , 1944-1976 Т. 280 : Неразрушающие методы контроля.— 1975.— [С. 79-84] |
|---|---|
| Հիմնական հեղինակ: | |
| Ամփոփում: | Заглавие с титульного листа Электронная версия печатной публикации В статье приводятся результаты экспериментальных исследований по применению промышленного малогабаритного бетатрона типа ПМБ-6 с максимальной энергией тормозного излучения 6 Мэв и мощностью экспозиционной дозы 18÷20 р/час на расстоянии 1 м от мишени, разработанного Томским политехническим институтом для радиационного неразрушающего контроля сварных швов рулонированных сосудов высокого давления (РСВД) в условиях завода "Урал-химмаш". Приведены данные по выбору усиливающих экранов, фокусного расстояния, чувствительности и производительности радиографии. В заключение даются практические рекомендации по использованию установок подобного рода в промышленном производстве. |
| Լեզու: | ռուսերեն |
| Հրապարակվել է: |
1975
|
| Խորագրեր: | |
| Առցանց հասանելիություն: | Черно-белая версия для предварительного просмотра Цветная версия без потери качества |
| Ձևաչափ: | MixedMaterials Էլեկտրոնային Գրքի գլուխ |
| KOHA link: | https://koha.lib.tpu.ru/cgi-bin/koha/opac-detail.pl?biblionumber=238329 |
MARC
| LEADER | 00000nla2a2200000 4500 | ||
|---|---|---|---|
| 001 | 238329 | ||
| 005 | 20231031205125.0 | ||
| 035 | |a (RuTPU)RU\TPU\book\259517 | ||
| 035 | |a RU\TPU\book\259512 | ||
| 090 | |a 238329 | ||
| 100 | |a 20130524d1975 k y0rusy50 ca | ||
| 101 | 0 | |a rus | |
| 102 | |a RU | ||
| 135 | |a drnn ---uucaa | ||
| 181 | 0 | |a i | |
| 182 | 0 | |a b | |
| 200 | 1 | |a Радиационный контроль сосудов высокого давления с помощью малогабаритного бетатрона |b Электронный ресурс |f В. А. Бедроносов | |
| 203 | |a Текст |c электронный | ||
| 215 | |a 2 файла (337 Кб, 7.5 Мб) | ||
| 230 | |a Электронные текстовые данные (2 файла : 337 Кб, 7.5 Мб) | ||
| 300 | |a Заглавие с титульного листа | ||
| 300 | |a Электронная версия печатной публикации | ||
| 320 | |a [Библиогр.: с. 84 (5 назв.)] | ||
| 330 | |a В статье приводятся результаты экспериментальных исследований по применению промышленного малогабаритного бетатрона типа ПМБ-6 с максимальной энергией тормозного излучения 6 Мэв и мощностью экспозиционной дозы 18÷20 р/час на расстоянии 1 м от мишени, разработанного Томским политехническим институтом для радиационного неразрушающего контроля сварных швов рулонированных сосудов высокого давления (РСВД) в условиях завода "Урал-химмаш". Приведены данные по выбору усиливающих экранов, фокусного расстояния, чувствительности и производительности радиографии. В заключение даются практические рекомендации по использованию установок подобного рода в промышленном производстве. | ||
| 337 | |a Adobe Reader | ||
| 461 | 1 | |0 (RuTPU)RU\TPU\book\200995 |t Известия Томского политехнического института [Известия ТПИ] |f Томский политехнический институт (ТПИ) |d 1944-1976 | |
| 463 | 1 | |0 (RuTPU)RU\TPU\book\259417 |t Т. 280 : Неразрушающие методы контроля |v [С. 79-84] |d 1975 |p 145 с. | |
| 610 | 1 | |a электронный ресурс | |
| 610 | 1 | |a труды учёных ТПУ | |
| 675 | |a 620.179:621.384.6 |v 3 | ||
| 700 | 1 | |a Бедроносов |b В. А. | |
| 801 | 1 | |a RU |b 63413507 |c 20090320 |g PSBO | |
| 801 | 2 | |a RU |b 63413507 |c 20130530 |g PSBO | |
| 856 | 4 | |u http://www.lib.tpu.ru/fulltext/v/Bulletin_TPU/1975/v280/19_bw.pdf |z Черно-белая версия для предварительного просмотра | |
| 856 | 4 | |u http://www.lib.tpu.ru/fulltext/v/Bulletin_TPU/1975/v280/19_full.pdf |z Цветная версия без потери качества | |
| 942 | |c CF | ||